[Event "Østlandsserien 2002/2003. 4. div. A"]
[Site "?"]
[Date "2002.11.10"]
[Round "1"]
[White "Furnes, Torstein"]
[Black "Andersen, Dag"]
[Result "1-0"]
[WhiteElo "1532"]
[BlackElo "1512"]
[PlyCount "159"]
[EventDate "2002.??.??"]

1. d4 Nf6 2. c4 e6 3. Nc3 Bb4 4. a3 Bxc3+ 5. bxc3 O-O 6. Nf3 d6 7. Bg5 Nbd7 8.
e3 c5 9. Bd3 Qc7 10. O-O b6 11. Re1 Re8 12. e4 e5 13. d5 h6 14. Bd2 Nf8 15. Nh4
Qd8 16. Nf5 Bxf5 17. exf5 e4 18. Bc2 N8d7 19. f3 exf3 20. Qxf3 Ne5 21. Qf4 Nh5
22. Qe4 Nf6 23. Qh4 Nfg4 24. Qxd8 Raxd8 25. Re4 Nf6 26. Rh4 Neg4 27. Bd3 Re7
28. h3 Ne3 29. Kf2 Rde8 30. Rf4 b5 31. Bxe3 Rxe3 32. Rf3 Rxf3+ 33. Kxf3 bxc4
34. Bxc4 Ne4 35. Bb5 Ng5+ 36. Kf4 Re4+ 37. Kg3 Re3+ 38. Kf4 Rxc3 39. h4 Nh7 40.
a4 Nf6 41. Rd1 Rb3 42. Bc6 Rb4+ 43. Kg3 Ne4+ 44. Kf3 Nc3 45. Re1 Rd4 46. Re8+
Kh7 47. Rd8 c4 48. Rxd6 Rd3+ 49. Kf4 Ne2+ 50. Ke4 Ng3+ 51. Kf4 Nh5+ 52. Ke5 c3
53. Be8 Re3+ 54. Kd4 Rxe8 55. Kxc3 Re7 56. Kc4 Ng3 57. Kb5 Nxf5 58. Rd8 Nxh4
59. d6 Re2 60. d7 Rd2 61. Kc6 Ng6 62. Re8 Rc2+ 63. Kb7 Rd2 64. d8=Q Rxd8 65.
Rxd8 a5 66. Kb6 Ne5 67. Rd5 Nc4+ 68. Kb5 Nb2 69. Kxa5 Nxa4 70. Kxa4 Kg6 71. Kb4
f5 72. Kc4 Kg5 73. Kd3 Kg4 74. Ke2 f4 75. Kf2 g5 76. Rb5 h5 77. Ra5 h4 78. Rb5
f3 79. Rb4+ Kf5 80. Kxf3 1-0

[Event "Østlandsserien 2002/2003. 4. div. A"]
[Site "?"]
[Date "2003.01.18"]
[Round "3"]
[White "Furnes, Torstein"]
[Black "Skjold, Reidar"]
[Result "1/2-1/2"]
[WhiteElo "1483"]
[BlackElo "1546"]
[PlyCount "80"]
[EventDate "2003.??.??"]

1. d4 Nf6 2. c4 g6 3. Nc3 Bg7 4. e4 d6 5. Nf3 O-O 6. Be2 Nbd7 7. O-O e5 8. Bg5
c6 9. Qd2 Re8 10. d5 Qc7 11. Rfd1 Nc5 12. Bxf6 Bxf6 13. dxc6 Qxc6 14. Qxd6 Re6
15. Qxc6 bxc6 16. Rd2 Rb8 17. Rad1 Be7 18. Ne1 f5 19. exf5 gxf5 20. Nd3 Nxd3
21. Bxd3 e4 22. Bf1 Kg7 23. Ne2 Bg5 24. Rc2 f4 25. Nd4 Rf6 26. c5 e3 27. b3 Bf5
28. Nxf5+ Rxf5 29. Rc4 Re8 30. fxe3 fxe3 31. Rc2 Rfe5 32. Be2 a5 33. Rd6 R8e6
34. Rd4 Re4 35. Rd7+ Re7 36. Rxe7+ Bxe7 37. Bf3 Re5 38. Kf1 Rxc5 39. Rxc5 Bxc5
40. Bxc6 Kf6 1/2-1/2

[Event "Østlandsserien 2002/2003. 4. div. A"]
[Site "?"]
[Date "2003.01.19"]
[Round "4"]
[White "Høva, Frode"]
[Black "Henriksen, Trond"]
[Result "0-1"]
[WhiteElo "1495"]
[BlackElo "1398"]
[PlyCount "80"]
[EventDate "2003.??.??"]

1. d4 d5 2. c4 c6 3. Nc3 Nf6 4. Nf3 Bf5 5. e3 e6 6. Bd3 Bxd3 7. Qxd3 Nbd7 8.
O-O dxc4 9. Qxc4 Be7 10. Qd3 O-O 11. b3 Qc7 12. Bb2 Rfd8 13. Qe2 e5 14. e4 exd4
15. Nxd4 Ne5 16. Rad1 Rd7 17. Nf5 Bf8 18. Rxd7 Nfxd7 19. f4 Ng6 20. e5 f6 21.
Qc4+ Kh8 22. e6 Nb6 23. Qe4 Bc5+ 24. Kh1 Re8 25. Ne2 Nd5 26. h4 Qc8 27. h5 Rxe6
28. Qf3 Nge7 29. Nxg7 Re3 30. Qf2 Rh3+ 31. gxh3 Bxf2 32. Rxf2 Qxh3+ 33. Rh2
Qf1+ 34. Ng1 Kxg7 35. Rg2+ Kf7 36. h6 Qxf4 37. Rg7+ Ke6 38. Rxh7 Qh4+ 39. Kg2
Nf4+ 40. Kf1 Qh1 0-1

[Event "Østlandsserien 2002/2003. 4. div. A"]
[Site "?"]
[Date "2003.01.19"]
[Round "4"]
[White "Brekke, Jorunn"]
[Black "Furnes, Torstein"]
[Result "1-0"]
[WhiteElo "1371"]
[BlackElo "1483"]
[PlyCount "65"]
[EventDate "2003.??.??"]

1. d4 d5 2. c4 e6 3. Nc3 Nf6 4. Nf3 Be7 5. Bf4 c6 6. h3 O-O 7. e3 Nbd7 8. Bd3
dxc4 9. Bxc4 b5 10. Bd3 b4 11. Ne2 c5 12. O-O Bb7 13. Ne5 Nxe5 14. Bxe5 cxd4
15. exd4 Rc8 16. Rc1 a5 17. Rxc8 Qxc8 18. Qb1 Qc6 19. f3 h6 20. Rc1 Qb6 21. Kh1
Rc8 22. Rd1 Nd5 23. Ng3 f6 24. Bh7+ Kf8 25. Qg6 fxe5 26. Nh5 Bf6 27. dxe5 Bxe5
28. f4 Bxb2 29. f5 exf5 30. Qxf5+ Nf6 31. Nf4 Re8 32. Ng6+ Kf7 33. Rd7+ 1-0

[Event "Østlandsserien 2002/2003. 4. div. A"]
[Site "?"]
[Date "2003.01.19"]
[Round "4"]
[White "Bakken, Svein-Erik"]
[Black "Rø, Gunnar"]
[Result "0-1"]
[WhiteElo "1357"]
[BlackElo "999"]
[PlyCount "92"]
[EventDate "2003.??.??"]

1. d4 d5 2. c4 e6 3. Nc3 Nf6 4. Bg5 Nbd7 5. e3 Be7 6. Nf3 O-O 7. Bd3 h6 8. Bh4
b6 9. cxd5 Nxd5 10. Bg3 Bb7 11. Rc1 Rc8 12. O-O N7f6 13. a3 Nxc3 14. bxc3 Bxa3
15. Ra1 Qe7 16. Qb3 Bd6 17. Rxa7 Bd5 18. c4 Bc6 19. Ne5 Be4 20. Bxe4 Nxe4 21.
Nc6 Qd7 22. Qb5 Nxg3 23. hxg3 f6 24. Qa4 Qe8 25. Ra1 Qg6 26. Qb3 Qe4 27. Nb4 c5
28. Nc2 Rfd8 29. f4 Qg6 30. Kf2 cxd4 31. exd4 Bc5 32. dxc5 Rd2+ 33. Kg1 Rxc2
34. R7a2 Rxa2 35. Rxa2 bxc5 36. Re2 Qf5 37. Qb7 Rd8 38. Qe4 Qxe4 39. Rxe4 Kf7
40. g4 Rd4 41. Rxd4 cxd4 42. Kf2 Ke7 43. Ke2 Kd6 44. Kd2 Kc5 45. Kd3 e5 46. g3
e4+ 0-1

[Event "Østlandsserien 2002/2003. 4. div. A"]
[Site "?"]
[Date "2003.02.08"]
[Round "5"]
[White "Høva, Frode"]
[Black "Gaudernack, Henrik"]
[Result "1-0"]
[WhiteElo "1547"]
[BlackElo "1150"]
[PlyCount "43"]
[EventDate "2003.??.??"]

1. d4 d5 2. c4 e6 3. Nc3 Nf6 4. cxd5 exd5 5. Bg5 Bf5 6. Qb3 Nbd7 7. Nxd5 Be6 8.
e4 Nb6 9. Nxf6+ gxf6 10. d5 fxg5 11. dxe6 fxe6 12. Qxe6+ Qe7 13. Qxe7+ Bxe7 14.
Be2 O-O-O 15. Nf3 h6 16. O-O Rhe8 17. Rad1 Bf6 18. Rxd8+ Kxd8 19. Rd1+ Kc8 20.
e5 Bxe5 21. Nxe5 Rxe5 22. Bg4+ 1-0

[Event "Østlandsserien 2002/2003. 4. div. A"]
[Site "?"]
[Date "2003.02.08"]
[Round "5"]
[White "Aaberge, Vegard"]
[Black "Furnes, Torstein"]
[Result "1/2-1/2"]
[WhiteElo "957"]
[BlackElo "1464"]
[PlyCount "55"]
[EventDate "2003.??.??"]

1. e4 c5 2. Nc3 Nc6 3. Nf3 d6 4. Bb5 a6 5. Bc4 e6 6. a3 Nf6 7. d3 g6 8. Bg5 Bg7
9. O-O O-O 10. Qd2 Qc7 11. Bxf6 Bxf6 12. Rab1 b5 13. Ba2 Bb7 14. Rfe1 Nd4 15.
Nxd4 cxd4 16. Ne2 Rac8 17. Bb3 Qc5 18. Qb4 Rc7 19. Rbc1 Ra8 20. Qd2 Qh5 21. Ng3
Qh4 22. Rf1 Rc5 23. h3 Bg5 24. f4 Qxg3 25. fxg5 Qxg5 26. Qf2 Qe3 27. Qxe3 dxe3
28. Rf3 1/2-1/2

[Event "Østlandsserien 2002/2003. 4. div. A"]
[Site "?"]
[Date "2003.03.08"]
[Round "6"]
[White "Bonsaksen, Tore"]
[Black "Høva, Frode"]
[Result "0-1"]
[WhiteElo "1547"]
[BlackElo "1207"]
[PlyCount "32"]
[EventDate "2003.??.??"]

1. e4 c5 2. Nf3 d6 3. d4 cxd4 4. Nxd4 Nf6 5. Nc3 e6 6. f3 Nc6 7. Be3 Be7 8. Qd2
O-O 9. O-O-O a6 10. Bc4 Na5 11. Bf1 b5 12. a3 Bb7 13. h4 Qc7 14. h5 Rac8 15.
Na2 e5 16. Nf5 Nb3+ 0-1

[Event "Østlandsserien 2002/2003. 4. div. A"]
[Site "?"]
[Date "2003.03.08"]
[Round "6"]
[White "Furnes, Torstein"]
[Black "Thoresen, Erik"]
[Result "1-0"]
[WhiteElo "1464"]
[BlackElo "1228"]
[PlyCount "59"]
[EventDate "2003.??.??"]

1. d4 d5 2. c4 Nf6 3. cxd5 Nxd5 4. e4 Nb6 5. Nf3 Bg4 6. Be2 e6 7. O-O Nc6 8.
Be3 Qd7 9. Qd2 Bxf3 10. Bxf3 Nc4 11. Qc3 Nxe3 12. fxe3 Bb4 13. Qc4 O-O-O 14. d5
exd5 15. exd5 Ne5 16. Qxb4 Nxf3+ 17. Rxf3 Qxd5 18. Qg4+ Kb8 19. Qxg7 f5 20. Nc3
Qc5 21. Raf1 f4 22. Rxf4 Qxe3+ 23. Kh1 b6 24. Rf7 Rdg8 25. Rf8+ Rxf8 26. Rxf8+
Rxf8 27. Qxf8+ Kb7 28. Qf3+ Qxf3 29. gxf3 Kc6 30. Kg2 1-0

[Event "Østlandsserien 2002/2003. 4. div. A"]
[Site "?"]
[Date "2003.03.09"]
[Round "7"]
[White "Bjørgvik, Jan Arne"]
[Black "Simonsen, Steinar"]
[Result "1/2-1/2"]
[WhiteElo "1521"]
[BlackElo "1698"]
[PlyCount "104"]
[EventDate "2003.??.??"]

1. e4 e5 2. Nf3 Nc6 3. Bc4 Bc5 4. O-O Nf6 5. Qe2 d6 6. h3 Be6 7. c3 Bxc4 8.
Qxc4 O-O 9. d4 exd4 10. cxd4 Bb6 11. Nc3 h6 12. Be3 Ba5 13. e5 d5 14. Qb3 Bxc3
15. exf6 Bb4 16. fxg7 Kxg7 17. Rac1 Bd6 18. g3 Ne7 19. g4 Ng6 20. Kg2 Nf4+ 21.
Bxf4 Bxf4 22. Rc5 c6 23. Qxb7 Rb8 24. Qxc6 Rxb2 25. Rxd5 Qb8 26. g5 Rb6 27. Qd7
Rd6 28. Rxd6 Qxd6 29. Qxd6 Bxd6 30. Rc1 hxg5 31. Rc6 Bf4 32. h4 f6 33. hxg5
fxg5 34. Ne5 Rd8 35. Rc7+ Kg8 36. Rd7 Rxd7 37. Nxd7 Kf7 38. Kf3 Ke6 39. Nc5+
Kd5 40. Kg4 a5 41. Kf5 Kxd4 42. Ne6+ Kc3 43. Nxf4 gxf4 44. Kxf4 Kb2 45. a4 Kb3
46. Ke4 Kxa4 47. f4 Kb3 48. f5 a4 49. f6 a3 50. f7 a2 51. f8=Q a1=Q 52. Qb8+
Kc2 1/2-1/2

[Event "Østlandsserien 2002/2003. 4. div. A"]
[Site "?"]
[Date "2003.03.09"]
[Round "7"]
[White "Stene, Sigurd"]
[Black "Furnes, Torstein"]
[Result "0-1"]
[WhiteElo "1322"]
[BlackElo "1464"]
[PlyCount "48"]
[EventDate "2003.??.??"]

1. d4 d5 2. Nc3 Nf6 3. e4 dxe4 4. f3 exf3 5. Nxf3 e6 6. Bd3 Be7 7. Ne2 O-O 8.
O-O b6 9. c3 Bb7 10. Bg5 Nbd7 11. Qc2 Rc8 12. Ne5 Nxe5 13. dxe5 Qd5 14. Nf4
Qxe5 15. Bxf6 Bxf6 16. Rae1 Qc5+ 17. Kh1 h6 18. b4 Qxc3 19. Qe2 Qxb4 20. Nxe6
Rfe8 21. Qh5 Qd2 22. Qg4 Qxd3 23. Rxf6 Rxe6 24. Rfxe6 fxe6 0-1

[Event "Østlandsserien 2001/2002, 1. div."]
[Site "?"]
[Date "2001.11.10"]
[Round "1"]
[White "Elseth, Roar"]
[Black "Solem, Trond"]
[Result "1-0"]
[WhiteElo "2319"]
[BlackElo "2167"]
[PlyCount "95"]
[EventDate "2001.11.01"]
[WhiteTeam "Asker 1"]
[BlackTeam "Follo 1"]

1. e4 e6 2. d4 d5 3. Nc3 Bb4 4. e5 Ne7 5. a3 Bxc3+ 6. bxc3 c5 7. Qg4 Qc7 8.
Qxg7 Rg8 9. Qxh7 cxd4 10. Ne2 dxc3 11. f4 Nbc6 12. Qd3 Bd7 13. Qxc3 O-O-O 14.
Bd2 Nf5 15. g3 d4 16. Qc5 b6 17. Qc4 Na5 18. Qxc7+ Kxc7 19. Bh3 Bc6 20. Rg1 Ne3
21. Bxe3 dxe3 22. Bg2 Bxg2 23. Rxg2 Rd2 24. Kf1 Rgd8 25. Nc3 Rxg2 26. Kxg2 Rd2+
27. Kf3 Nc4 28. h4 Rf2+ 29. Ke4 Kc6 30. Kd3 b5 31. Ne4 Rh2 32. a4 a6 33. axb5+
axb5 34. c3 Kb6 35. Re1 Kc6 36. Re2 Rh1 37. Nd6 Rg1 38. Nxc4 bxc4+ 39. Ke4 Rxg3
40. Rxe3 Rg1 41. Rh3 Re1+ 42. Kf3 Rf1+ 43. Kg4 Kd5 44. h5 Ke4 45. h6 Rg1+ 46.
Rg3 Rh1 47. Kg5 Rh2 48. Rg4 1-0

[Event "Østlandsserien 2001/2002, 1. div."]
[Site "?"]
[Date "2001.11.10"]
[Round "1"]
[White "Ådnøy, Hallvard Voll"]
[Black "Jansson, Jøran"]
[Result "1-0"]
[WhiteElo "2145"]
[BlackElo "2184"]
[PlyCount "127"]
[EventDate "2001.??.??"]
[WhiteTeam "Follo 1"]
[BlackTeam "Asker 1"]

1. e4 e5 2. Nf3 Nc6 3. Bb5 a6 4. Bxc6 dxc6 5. Nc3 f6 6. d4 exd4 7. Nxd4 c5 8.
Nde2 Qxd1+ 9. Nxd1 Be6 10. Bf4 O-O-O 11. Ne3 Ne7 12. Rd1 Rxd1+ 13. Kxd1 g5 14.
Bg3 Bg7 15. Kc1 f5 16. exf5 Nxf5 17. Nxf5 Bxf5 18. Rd1 Rd8 19. Rxd8+ Kxd8 20.
f3 Kd7 21. Bf2 b6 22. Be3 g4 23. Ng3 Be6 24. fxg4 Bxg4 25. b3 Be5 26. Bf2 Be6
27. c4 Bf7 28. h3 Bf4+ 29. Kd1 Bg6 30. Ne2 Be5 31. Kd2 Be4 32. g3 Bg2 33. h4
Ke6 34. Ke3 Kf5 35. Be1 h5 36. Bc3 Bd6 37. Nf4 Be4 38. Nxh5 Bb1 39. Kd2 Kg4 40.
Nf6+ Kxg3 41. Kc1 Bf5 42. Be1+ Kf4 43. Bd2+ Ke5 44. Nd5 Ke6 45. h5 Be4 46. h6
Kf7 47. Bc3 Kg6 48. h7 Kxh7 49. Nf6+ Kg6 50. Nxe4 Kf5 51. Nf6 c6 52. Kc2 Bc7
53. Kd3 Bd8 54. Nd7 Bc7 55. Ke3 Bf4+ 56. Kf3 Bc7 57. Nf6 Bd8 58. Ng4 Bc7 59.
Ne3+ Ke6 60. Ke4 Bh2 61. Ng4 Bc7 62. Ne5 Kd6 63. Nf7+ Ke6 64. Be5 1-0

[Event "Østlandsserien 2001/2002, 1. div."]
[Site "?"]
[Date "2001.11.10"]
[Round "1"]
[White "Ekeberg, Carl Fredrik"]
[Black "Semakoff, Aleks"]
[Result "1-0"]
[WhiteElo "2146"]
[BlackElo "2073"]
[PlyCount "111"]
[EventDate "2001.??.??"]
[WhiteTeam "Asker 1"]
[BlackTeam "Follo 1"]

1. d4 d5 2. c4 e6 3. Nf3 c5 4. cxd5 exd5 5. g3 Nc6 6. Bg2 Nf6 7. O-O Be7 8.
dxc5 Bxc5 9. Bg5 O-O 10. Qc2 Be7 11. Nc3 Be6 12. Rfd1 Qa5 13. a3 Rac8 14. Qd3
Rfe8 15. b4 Qd8 16. Rac1 h6 17. Bf4 Qd7 18. Ne5 Nxe5 19. Bxe5 Red8 20. Qd2 Rc4
21. Bxf6 Bxf6 22. Nxd5 Rxc1 23. Qxc1 Bxd5 24. Rxd5 Qe6 25. Rxd8+ Bxd8 26. Qd1
Qe7 27. Bxb7 a5 28. Bf3 axb4 29. axb4 Bb6 30. Qb3 Qe5 31. e3 g6 32. Kg2 Kg7 33.
Bd5 Qf6 34. Qc4 Qf5 35. Qc3+ Qf6 36. Qxf6+ Kxf6 37. Kf3 Ke7 38. Ke4 f5+ 39. Kd3
g5 40. f3 Kd6 41. Bg8 Ke5 42. h3 f4 43. gxf4+ gxf4 44. e4 Be3 45. Kc4 Kd6 46.
Bd5 Bf2 47. Kb5 Be1 48. Bf7 Bd2 49. Bh5 Be1 50. h4 Bd2 51. e5+ Kxe5 52. Kc5 Kf6
53. b5 Ke7 54. b6 Be3+ 55. Kc6 Bd4 56. Kc7 1-0

[Event "Østlandsserien 2001/2002, 1. div."]
[Site "?"]
[Date "2001.11.10"]
[Round "1"]
[White "Strand, Ketil"]
[Black "Næssvold, Kjell"]
[Result "1-0"]
[WhiteElo "1946"]
[BlackElo "1890"]
[PlyCount "93"]
[EventDate "2001.??.??"]
[WhiteTeam "Asker 1"]
[BlackTeam "Follo 1"]

1. e4 c5 2. Nf3 Nc6 3. d4 cxd4 4. Nxd4 a6 5. Nc3 e6 6. Nxc6 bxc6 7. Bc4 Nf6 8.
Bg5 Be7 9. e5 Nd5 10. Bxe7 Qxe7 11. Qd4 Qb4 12. O-O O-O 13. Ne4 f5 14. a3 Qb6
15. Qxb6 Nxb6 16. Nd6 a5 17. Rfd1 Ba6 18. Bxa6 Rxa6 19. Rd3 a4 20. Rad1 Rb8 21.
b4 Ra7 22. c4 g6 23. f4 h5 24. Kf2 Kf8 25. Kg3 Ke7 26. Kh4 Nc8 27. Nxc8+ Rxc8
28. Kg5 Rd8 29. Kxg6 Raa8 30. Kg5 Rg8+ 31. Kh4 Rg4+ 32. Kh3 Rd8 33. g3 h4 34.
b5 cxb5 35. cxb5 hxg3 36. hxg3 Rh8+ 37. Kg2 Rb8 38. Rxd7+ Ke8 39. Kh3 Rg6 40.
Kh4 Rg4+ 41. Kh3 Rg6 42. b6 Rh6+ 43. Kg2 Rxb6 44. Rd8+ Kf7 45. R1d7+ Kg6 46.
Rg8+ Kh5 47. Rg5# 1-0

[Event "Østlandsserien 2001/2002, 1. div."]
[Site "?"]
[Date "2001.11.10"]
[Round "1"]
[White "Lea, Per"]
[Black "Hammerstad, Åsmund"]
[Result "0-1"]
[WhiteElo "1693"]
[BlackElo "2002"]
[Annotator "Lea,Per"]
[PlyCount "50"]
[EventDate "2001.??.??"]
[WhiteTeam "Follo 1"]
[BlackTeam "Asker 1"]

{Fun fact: I landsturneringa 1980, klasse 2, møtte jeg Boye Hammerstad, far
til Åsmund. Da endte det med remis, men det var jeg som var høyest ratet av
oss (forskjellen var dog ikke stor)} 1. e4 e6 2. d4 d5 3. Nc3 Bb4 4. e5 c5 5.
a3 Bxc3+ 6. bxc3 Ne7 7. Qg4 O-O 8. Nf3 (8. Bd3 {kan se ut som et tempotap etter
} c4 {men hvit har} 9. Bh6 Ng6 10. Bxg6 {og uansett hvilken løper svart slår,
og med hvilken bonde, så er det hvit som blir stående best.}) 8... Nbc6 9. Bd3
f5 10. exf6 Rxf6 11. Bxh7+ $4 {Her ser jeg nok syner} ({Etter} 11. Bg5 e5 12.
Bxh7+ {Nå er løperofferet bedre!} Kxh7 13. Qh5+ Kg8 14. Bxf6 gxf6 15. dxe5 {
har hvit tårn og 2 bønder mot løper og springer, og svarts konge kan virke å
være på glattisen. Men hvit rekker ikke å få med flere brikker i angrepet før
svart får de lette offiserene med i forsvaret. Så stillingen er nok remisaktig
(og et remisresulat ville vært en stor seier for hvit, om vi tar ratingtallene
med i vurderinga)}) 11... Kxh7 12. Qh5+ Kg8 13. Ng5 {Alt er krampetrekninger
fra hvits side - svart har full kontroll} Nf5 14. Nh7 Rh6 15. Bxh6 Nxh6 16. Qg6
e5 17. g4 Bxg4 18. Rg1 exd4 19. Kd2 Ne5 20. Nf6+ Qxf6 21. Qxf6 gxf6 22. cxd4
Nf3+ 23. Kd3 c4+ 24. Kc3 Nxg1 25. Rxg1 Kh7 {og her er det ikke noe mer å
spille om. Hvit ga opp.} 0-1

[Event "Østlandsserien 2001/2002, 1. div."]
[Site "?"]
[Date "2001.11.11"]
[Round "2"]
[White "Solem, Trond"]
[Black "Lie, Ketil A"]
[Result "0-1"]
[WhiteElo "2167"]
[BlackElo "2375"]
[PlyCount "102"]
[EventDate "2001.??.??"]
[WhiteTeam "Follo 1"]
[BlackTeam "Porsgrunn 1"]

1. d4 Nf6 2. c4 c5 3. d5 e6 4. Nc3 exd5 5. cxd5 d6 6. e4 g6 7. f4 Bg7 8. Bb5+
Nfd7 9. a4 O-O 10. Nf3 Na6 11. O-O Nc7 12. Be2 a6 13. f5 Ne5 14. Bf4 Nxf3+ 15.
Rxf3 g5 16. Bg3 Bd4+ 17. Kh1 f6 18. Rd3 Bxc3 19. Rxc3 Rb8 20. Qd2 b5 21. h4
bxa4 22. hxg5 fxg5 23. e5 Bxf5 24. exd6 Nb5 25. Rxc5 Nxd6 26. Rxa4 Rb6 27. Rc6
Ne4 28. Rxe4 Rxc6 29. Rc4 Rh6+ 30. Kg1 Qb6+ 31. Qd4 Qxd4+ 32. Rxd4 Rb6 33. b4
Re8 34. Bf3 Rc8 35. d6 Rd8 36. Rd5 Rb5 37. Rd4 Kf7 38. Be2 Rb6 39. Rd5 Kg6 40.
Ra5 Rxb4 41. Rxa6 Rd7 42. Bf3 Bd3 43. Ra3 Be4 44. Bg4 Bf5 45. Bf3 h5 46. Bc6
Rd8 47. Re3 h4 48. Be5 g4 49. Kf2 Rc4 50. Bd5 Rc2+ 51. Re2 Rxe2+ 0-1

[Event "Østlandsserien 2001/2002, 1. div."]
[Site "?"]
[Date "2001.11.11"]
[Round "2"]
[White "Semakoff, Aleks"]
[Black "Lahlum, Hans Olav"]
[Result "0-1"]
[WhiteElo "2073"]
[BlackElo "2184"]
[PlyCount "60"]
[EventDate "2001.??.??"]

1. e4 e6 2. d3 d5 3. Nd2 Nf6 4. Ngf3 Nc6 5. e5 Nd7 6. d4 f6 7. Bd3 fxe5 8. Nxe5
Ndxe5 9. dxe5 Nxe5 10. Qh5+ Nf7 11. Bxh7 Qf6 12. Nf3 Bd7 13. O-O O-O-O 14. Qg6
Bd6 15. Qxf6 gxf6 16. Bg6 Ne5 17. Nxe5 Bxe5 18. g3 Rdg8 19. Bd3 f5 20. f4 Bd4+
21. Kg2 c5 22. c3 Bf6 23. Be2 d4 24. Bd2 e5 25. fxe5 Bxe5 26. Bf3 f4 27. Rfe1
Bd6 28. Bd5 Rg6 29. cxd4 fxg3 30. dxc5 Rxh2+ 0-1

[Event "Østlandsserien 2001/2002, 1. div."]
[Site "?"]
[Date "2001.11.11"]
[Round "2"]
[White "Lie, Espen"]
[Black "Gaasland, Glenn"]
[Result "1-0"]
[WhiteElo "2138"]
[BlackElo "1966"]
[PlyCount "99"]
[EventDate "2001.??.??"]
[WhiteTeam "Porsgrunn 1"]
[BlackTeam "Follo 1"]

1. c4 e5 2. g3 Nf6 3. Bg2 Nc6 4. Nc3 Bc5 5. d3 d6 6. Nf3 O-O 7. O-O Bf5 8. a3
a5 9. Bd2 Qd7 10. Ng5 Rfe8 11. Rb1 h6 12. Nge4 Nxe4 13. Nxe4 Bb6 14. Nc3 Ba7
15. Nd5 Nd4 16. Ne3 c6 17. Nxf5 Nxf5 18. e3 d5 19. cxd5 cxd5 20. Bh3 g6 21. e4
dxe4 22. dxe4 Red8 23. Bxa5 Qxd1 24. Rfxd1 Rxd1+ 25. Rxd1 Nd4 26. Kf1 h5 27.
Bc7 Re8 28. a4 g5 29. f3 g4 30. fxg4 Rc8 31. Bxe5 Nf3 32. Bc3 Nxh2+ 33. Kg2
Nxg4 34. Bxg4 hxg4 35. Rh1 f6 36. Rh4 Kf7 37. Rh7+ Ke6 38. Rxb7 Be3 39. a5 Rc4
40. Rb8 Rxe4 41. Re8+ Kd5 42. Rxe4 Kxe4 43. Be1 Kd5 44. Bf2 Bd2 45. a6 Kc6 46.
Bc5 f5 47. b4 f4 48. b5+ Kc7 49. b6+ Kb8 50. Bd6+ 1-0

[Event "Østlandsserien 2001/2002, 1. div."]
[Site "?"]
[Date "2001.11.11"]
[Round "2"]
[White "Næssvold, Kjell"]
[Black "Svendsen, Bertil"]
[Result "1/2-1/2"]
[WhiteElo "1890"]
[BlackElo "2039"]
[PlyCount "79"]
[EventDate "2001.??.??"]
[WhiteTeam "Follo 1"]
[BlackTeam "Porsgrunn 1"]

1. e4 c5 2. Nf3 d6 3. d4 cxd4 4. Nxd4 Nf6 5. Nc3 g6 6. f3 Bg7 7. Be3 O-O 8. Qd2
Nc6 9. Bc4 Bd7 10. O-O-O Rc8 11. Bb3 Ne5 12. Bh6 Bxh6 13. Qxh6 Rxc3 14. bxc3
Qa5 15. Qe3 Rc8 16. Kd2 Neg4 17. fxg4 Rxc3 18. h3 Rxe3+ 19. Kxe3 Qc3+ 20. Rd3
Qc5 21. Kf3 e5 22. g5 exd4 23. gxf6 Qh5+ 24. Kf2 Qh4+ 25. g3 Qxf6+ 26. Rf3 Qg5
27. Bxf7+ Kg7 28. Rf4 Qc5 29. Bb3 d3+ 30. Kg2 dxc2 31. Rc1 Bc6 32. Rxc2 Qe3 33.
Bd5 Qd3 34. Rf7+ Kh6 35. Rcf2 Bxd5 36. exd5 Qxd5+ 37. Kh2 a6 38. h4 Qe4 39.
R2f4 Qe2+ 40. Kh3 1/2-1/2

[Event "Østlandsserien 2001/2002, 1. div."]
[Site "?"]
[Date "2001.11.11"]
[Round "2"]
[White "Bjerke, Silje"]
[Black "Lea, Per"]
[Result "1-0"]
[WhiteElo "1960"]
[BlackElo "1693"]
[PlyCount "71"]
[EventDate "2001.??.??"]
[WhiteTeam "Porsgrunn 1"]
[BlackTeam "Follo 1"]

1. d4 d5 2. c4 e6 3. Nf3 Nf6 4. Bg5 Be7 5. Nc3 O-O 6. e3 c6 7. Bd3 Nbd7 8. cxd5
exd5 9. O-O Re8 10. Qc2 h6 11. Bh4 Ne4 12. Bxe7 Qxe7 13. Rab1 Ndf6 14. b4 Bf5
15. b5 c5 16. dxc5 Nxc3 17. Qxc3 Bxd3 18. Qxd3 Qxc5 19. Rbc1 Qb6 20. Nd4 Rac8
21. Nf5 Rc5 22. Rc2 Re4 23. Rfc1 Rxc2 24. Rxc2 Re8 25. h3 a6 26. a4 axb5 27.
axb5 Qa5 28. Rc1 Qa2 29. Nd6 Rb8 30. Nxb7 Ne4 31. Rc2 Qa1+ 32. Kh2 Rxb7 33.
Qxd5 Nd6 34. Qxd6 Rxb5 35. Qd8+ Kh7 36. Qd3+ 1-0

[Event "Østlandsserien 2001/2002, 1. div"]
[Site "Follo, Akershus NOR"]
[Date "2001.12.02"]
[Round "3"]
[White "Ådnøy, Hallvard"]
[Black "Trygstad, Kristian"]
[Result "1-0"]
[WhiteElo "2116"]
[BlackElo "2300"]
[PlyCount "87"]
[EventDate "2001.11.10"]
[WhiteTeam "Follo"]
[BlackTeam "OSS"]

1. e4 c5 2. Nf3 e6 3. d3 Nc6 4. g3 Nge7 5. Bg2 d5 6. O-O g6 7. Qe2 Bg7 8. e5
O-O 9. c3 h6 10. h4 f5 11. exf6 Rxf6 12. Bf4 Rxf4 13. gxf4 Nf5 14. h5 gxh5 15.
Nbd2 Qf6 16. Ne5 Nh4 17. Qe3 Nxe5 18. fxe5 Qg5 19. Qxg5 hxg5 20. Rfe1 Ng6 21.
d4 b6 22. Ne4 g4 23. c4 Nf4 24. cxd5 exd5 25. Nf6+ Bxf6 26. exf6 Be6 27. dxc5
bxc5 28. Rxe6 Nxe6 29. Bxd5 Re8 30. Re1 Kf7 31. Rc1 Kxf6 32. Bxe6 Rxe6 33. Rxc5
Re2 34. Rxh5 Rxb2 35. Ra5 Rb7 36. Kg2 Ke6 37. Kg3 Rg7 38. Ra4 Rb7 39. Kxg4 Rg7+
40. Kf4 Rf7+ 41. Ke3 Rg7 42. Ke4 Kd6 43. f4 Rd7 44. Rd4+ 1-0

[Event "Østlandsserien 2001/2002, 1. div"]
[Site "Follo, Akershus NOR"]
[Date "2001.12.02"]
[Round "3"]
[White "Johannessen, Svein"]
[Black "Semakoff, Aleks"]
[Result "1-0"]
[WhiteElo "2237"]
[BlackElo "2073"]
[PlyCount "73"]
[EventDate "2001.11.10"]
[WhiteTeam "OSS"]
[BlackTeam "Follo"]

1. e4 d5 2. Nc3 d4 3. Nce2 e5 4. Nf3 Nc6 5. Ng3 Nf6 6. Bb5 Bd6 7. Bxc6+ bxc6 8.
d3 Bb4+ 9. Bd2 Bxd2+ 10. Qxd2 Qe7 11. Qg5 Qb4+ 12. c3 Qxb2 13. Qxe5+ Be6 14.
O-O dxc3 15. Rab1 Qa3 16. Rb3 Qd6 17. Rxc3 Qxe5 18. Nxe5 Bxa2 19. Nxc6 Be6 20.
Ra1 a6 21. d4 Bd7 22. Na5 O-O 23. Rxc7 Bb5 24. f3 g6 25. d5 Rfc8 26. Rac1 Rxc7
27. Rxc7 Kf8 28. Kf2 Ne8 29. Rc3 Nd6 30. Ne2 Ke8 31. Nd4 Kd7 32. e5 Rc8 33.
Ndc6 Nf5 34. e6+ fxe6 35. Ne5+ Kd6 36. Nf7+ Ke7 37. Rxc8 1-0

[Event "Østlandsserien 2001/2002, 1. div"]
[Site "Follo, Akershus NOR"]
[Date "2001.12.02"]
[Round "3"]
[White "Næssvold, Kjell"]
[Black "Moen, Ole Christian"]
[Result "0-1"]
[WhiteElo "1909"]
[BlackElo "2189"]
[PlyCount "84"]
[EventDate "2001.11.10"]
[WhiteTeam "Follo"]
[BlackTeam "OSS"]

1. e4 e5 2. Nf3 Nc6 3. d4 exd4 4. Nxd4 Bc5 5. Nxc6 Qf6 6. Qf3 Qxf3 7. gxf3 bxc6
8. Bf4 d6 9. c3 a5 10. Nd2 Ne7 11. h4 a4 12. Bd3 O-O 13. Be3 Bxe3 14. fxe3 Be6
15. Kf2 Rfb8 16. b3 f5 17. exf5 Nxf5 18. e4 Ne7 19. Bc2 Ng6 20. h5 Nf4 21. b4
Rb5 22. h6 Rg5 23. Ke3 Rg2 24. Rhg1 g5 25. Rxg2 Nxg2+ 26. Kf2 Nf4 27. a3 Kf7
28. Rh1 Kf6 29. Rh2 Ke5 30. Kg3 c5 31. bxc5 dxc5 32. Nf1 Bb3 33. Bb1 Rb8 34.
Ne3 Be6 35. Bc2 Rb2 36. Ng4+ Bxg4 37. Kxg4 Ra2 38. Kxg5 Rxa3 39. Kg4 Ra2 40.
Kg3 a3 41. Bb3 Rxh2 42. Kxh2 Kf6 0-1